00983cam a22002895a 450000100100000000500170001000800410002702000150006804000260008304300120010908200210012110000280014224500640017025000290023426000330026330000210029650000570031750000260037454100310040065000540043165100100048565300280049569000440052394200080056799900170057595201010059200811231520180429153454.0790806r19831979enk fr 000 0 eng d a0850382157 aUkcUkbengdEG-ScBUE ae-uk---04a333.338222bPRI1 aPrice, Aubrey St. John.10aBuying a shop :ba daily telegraph guide /cA. St J. Price. aRevised ed., Reprint ed. aLondon :bKogan Page,c1983. a123 p. ;c19 cm. aPrevious ed.: York : Lynxplan (Sheffield) Ltd, 1976. aReprinted of 1979 ed. aDonation from David Kirby. 7aStores, RetailzGreat BritainxPurchasing.2BUEsh 2BUEsh bGGENbBUSADMcApril20187 aManagement and Business Studies2blcoll 2ddc c26617d26589 00102ddc4070aMAINbMAINc1STd2018-04-29l0o333.338 PRIp000047677r2025-07-15 00:00:00yBB